| 000 | 00643nam a2200181 i 4500 | ||
|---|---|---|---|
| 001 | 26938 | ||
| 003 | ES-MaACL | ||
| 005 | 20230906153528.0 | ||
| 007 | t| | ||
| 008 | 030113s1869 sp ||||1| spa d | ||
| 110 | 2 |
_aAteneo Balear. _91843 |
|
| 245 | 1 | 0 |
_aSesión extraordinaria de la Sección de Literatura e Historia celebrada en la noche del 5 mayo de 1869 : _bpresidencia de José Luis Pons. |
| 260 |
_aPalma : _b[s.n.], _c1869 ( _fImp. de Pedro José Gelabert) |
||
| 300 |
_a39 p. ; _c26 cm. |
||
| 610 | 2 | 4 |
_aAteneo Balear. _bSección de Literatura y Historia. _9169361 |
| 700 | 1 |
_aPons, José Luis. _992993 |
|
| 852 | 4 |
_aES-MaACL _jT-97-F-4 |
|
| 999 |
_c26938 _d26938 |
||